| 000 | 00378nam a22001577a 4500 | ||
|---|---|---|---|
| 005 | 20200524134144.0 | ||
| 008 | 200524b xxu||||| |||| 00| 0 eng d | ||
| 041 | _aeng | ||
| 082 | _a340 | ||
| 100 |
_aBARE ACT _95744 |
||
| 245 | _aTHE ADMINISTRATIVE TRIBUNAL ACT, 1895 | ||
| 260 |
_aDELHI _bPROFESSIONAL BOOK PUBLISHERS |
||
| 300 | _a130 | ||
| 650 |
_aLAW _95701 |
||
| 942 | _cBK | ||
| 999 |
_c6504 _d6502 |
||